EPL foreign scorers countries - Statistics

General Stats
  • This quiz has been taken 54 times
  • The average score is 25 of 53
Answer Stats
Country Total ๐ŸŸฐ Answer % Correct
South Korea ๐Ÿ‡ฐ๐Ÿ‡ท 191 Heung-Min Son | Hee-Chan Hwang
93%
Belgium ๐Ÿ‡ง๐Ÿ‡ช 716 Romelu Lukaku | Kevin De Bruyne |Leandro Trossard | Youri Tielemans | Leander Dendoncker | Timothy Castagne | Jeremy Doku | Amadou Onana | Romeo Lavia | Wout Faes
91%
Norway ๐Ÿ‡ณ๐Ÿ‡ด 647 Erling Haaland | Martin Odegaard |Kristoffer Ajer | Sander Berge | Oscar Bobb
89%
Scotland ๐Ÿด๓ ง๓ ข๓ ณ๓ ฃ๓ ด๓ ฟ 1,109 Scott McTominay | Ryan Fraser |John McGinn | Andrew Robertson | Tom Cairney | Kieran Tierney | Ryan Christie
89%
Brazil ๐Ÿ‡ง๐Ÿ‡ท 859 Gabriel Jesus | Richarlison | Willian| Gabriel Martinelli | Joelinton | Bruno Guimaraes | Matheus Cunha | Gabriel Magalhaes | Joao Pedro | Rodrigo Muniz | Andreas Pereira | Carlos Vinicius | Lucas Paqueta | Danilo | Antony | Casemiro | Emerson Royal | Joao Gomes | Alisson
87%
Argentina ๐Ÿ‡ฆ๐Ÿ‡ท 608 Alexis MacAllister | Julian Alvarez |Alejandro Garnacho | Emiliano Buendia | Marcos Senesi | Cristian Romero | Carlos Alcaraz | Facundo Buonanotte | Giovani Lo Celso | Enzo Fernandez | Nicolas Dominguez | Alejo Veliz | Lisandro Martinez
85%
Portugal ๐Ÿ‡ต๐Ÿ‡น 485 Diogo Jota | Bruno Fernandes |Bernardo Silva | Daniel Podence | Pedro Neto | Ricardo Pereira | Joao Cancelo | Fabio Silva | Fabio Carvalho | Beto | Ruben Dias | Diogo Dalot | Fabio Vieira | Toti | Goncalo Guedes | Matheus Nunes | Nelson Semedo
85%
Egypt ๐Ÿ‡ช๐Ÿ‡ฌ 209 Mohamed Salah
83%
Netherlands ๐Ÿ‡ณ๐Ÿ‡ฑ 1,049 Virgil Van Dijk | Nathan Ake | Cody Gakpo | Justin Kluivert | Joel Veltman | Micky Van De Ven | Sven Botman | Kenny Tete | Ryan Gravenberch
83%
France ๐Ÿ‡ซ๐Ÿ‡ท 1,753 Neal Maupay | Jean-Philippe Mateta| Kurt Zouma | Issa Diop | Lucas Digne | William Saliba | Christopher Nkunku | Jean-Ricner Bellegarde | Axel Disasi | Sekou Mara | Wesley Fofana | Benoit Badiashile
78%
Germany ๐Ÿ‡ฉ๐Ÿ‡ช 435 Kai Havertz | Timo Werner |Vitaly Janelt | Deniz Undav | Kevin Schade
76%
Spain ๐Ÿ‡ช๐Ÿ‡ธ 936 Rodri | Adama Traore | Pedro Porro| Pablo Sarabia | Alex Moreno | Pau Torres | Sergio Reguilon | Stefan Bajcetic | Marc Cucurella
76%
Denmark ๐Ÿ‡ฉ๐Ÿ‡ฐ 328 Christian Eriksen | Rasmus Hojlund | Philip Billing |
Mathias Jensen | Christian Norgaard | Zanka | Jannik Vestergaard | Joachim Andersen | Mads Roerslev
74%
Italy ๐Ÿ‡ฎ๐Ÿ‡น 463 Jorginho | Destiny Udogie | Emerson | Sandro Tonali
72%
Sweden ๐Ÿ‡ธ๐Ÿ‡ช 286 Alexander Isak | Dejan Kulusevski| Anthony Elanga | Victor Lindelof | Emil Krafth
63%
Uruguay ๐Ÿ‡บ๐Ÿ‡พ 211 Darwin Nunez | Rodrigo Bentancur
63%
Wales ๐Ÿด๓ ง๓ ข๓ ท๓ ฌ๓ ณ๓ ฟ 1,005 Harry Wilson | Brennan Johnson |David Brooks | Ben Davies | Chris Mepham | Neco Williams
63%
Jamaica ๐Ÿ‡ฏ๐Ÿ‡ฒ 445 Michail Antonio | Bobby Decordova-Reid | Leon Bailey | Ethan Pinnock
63%
Senegal ๐Ÿ‡ธ๐Ÿ‡ณ 437 Nicolas Jackson | Ismaila Sarr |Idrissa Gueye | Pape Sarr
63%
Colombia ๐Ÿ‡จ๐Ÿ‡ด 184 Luis Diaz | Jhon Duran | Luis Sinisterra | Jefferson Lerma
61%
Japan ๐Ÿ‡ฏ๐Ÿ‡ต 51 Kaoru Mitoma | Takehiro Tomiyasu |Wataru Endo
57%
Ireland ๐Ÿ‡ฎ๐Ÿ‡ช 1,082 Seamus Coleman | Evan Ferguson |Matt Doherty | Nathan Collins | Andrew Omobamidele
54%
New Zealand ๐Ÿ‡ณ๐Ÿ‡ฟ 84 Chris Wood
52%
Northern Ireland ๐Ÿ‡ฌ๐Ÿ‡ง 262 Conor Bradley | Jamal Lewis | Jonny Evans
52%
Ukraine ๐Ÿ‡บ๐Ÿ‡ฆ 43 Oleksandr Zinchenko | Mykhaylo Mudryk | Ilya Zabarnyi | Vitaliy Mykolenko
52%
Nigeria ๐Ÿ‡ณ๐Ÿ‡ฌ 588 Alex Iwobi | Taiwo Awoniyi |Emmanuel Dennis | Wilfred Ndidi | Ola Aina | Joe Aribo | Frank Onyeka | Calvin Bassey
50%
Mexico ๐Ÿ‡ฒ๐Ÿ‡ฝ 114 Edson Alvarez | Raul Jimenez
50%
Ghana ๐Ÿ‡ฌ๐Ÿ‡ญ 170 Mohammed Kudus | Thomas Partey| Kamaldeen Sulemana | Tariq Lamptey | Antoine Semenyo | Jeffrey Schlupp | Jordan Ayew
50%
Croatia ๐Ÿ‡ญ๐Ÿ‡ท 178 Josko Gvardiol | Mateo Kovacic
48%
Paraguay ๐Ÿ‡ต๐Ÿ‡พ 61 Julio Enciso | Miguel Almiron
41%
Hungary ๐Ÿ‡ญ๐Ÿ‡บ 24 Dominik Szoboszlai
37%
Poland ๐Ÿ‡ต๐Ÿ‡ฑ 22 Jakub Kiwior | Matty Cash |Jan Bednarek
37%
Czechia ๐Ÿ‡จ๐Ÿ‡ฟ 157 Tomas Soucek
37%
Cรดte dโ€™Ivoire ๐Ÿ‡จ๐Ÿ‡ฎ 436 Maxwel Cornet | Willy Boly | Simon Adingra | David Datro Fofana | Amad Diallo
33%
Ecuador ๐Ÿ‡ช๐Ÿ‡จ 51 Moises Caicedo | Pervis Estupinan
33%
Albania ๐Ÿ‡ฆ๐Ÿ‡ฑ 8 Armando Broja
30%
Israel ๐Ÿ‡ฎ๐Ÿ‡ฑ 77 Manor Solomon
26%
Zambia ๐Ÿ‡ฟ๐Ÿ‡ฒ 11 Patson Daka
24%
Switzerland ๐Ÿ‡จ๐Ÿ‡ญ 91 Manuel Akanji | Fabian Schar
22%
Algeria ๐Ÿ‡ฉ๐Ÿ‡ฟ 134 Rayan Ait-Nouri
22%
Gabon ๐Ÿ‡ฌ๐Ÿ‡ฆ 81 Mario Lemina
20%
DR Congo ๐Ÿ‡จ๐Ÿ‡ฉ 108 Yoane Wissa
20%
Mali ๐Ÿ‡ฒ๐Ÿ‡ฑ 107 Yves Bissouma | Abdoulaye Doucoure
20%
Serbia ๐Ÿ‡ท๐Ÿ‡ธ 209 Sasa Lukic
15%
Chile ๐Ÿ‡จ๐Ÿ‡ฑ 87 Ben Brereton Diaz
13%
Cameroon ๐Ÿ‡จ๐Ÿ‡ฒ 127 Bryan Mbeumo
11%
Burkina Faso ๐Ÿ‡ง๐Ÿ‡ซ 13 Dango Ouattara
9%
Tunisia ๐Ÿ‡น๐Ÿ‡ณ 15 Hannibal Mejbri
9%
Austria ๐Ÿ‡ฆ๐Ÿ‡น 94 Sasa Kalajdzic
9%
Greece ๐Ÿ‡ฌ๐Ÿ‡ท 63 Konstantinos Mavropanos
7%
Morocco ๐Ÿ‡ฒ๐Ÿ‡ฆ 99 Nayef Aguerd
7%
USA ๐Ÿ‡บ๐Ÿ‡ธ 184 Chris Richards
4%
Turkey ๐Ÿ‡น๐Ÿ‡ท 91 Enes Unal
0%
No matching quizzes found
Score Distribution
Percent of People with Each Score
Percentile by Number Answered
Your Score History
You have not taken this quiz